000 00767nam a22002057a 4500
999 _c370869
_d370869
008 201130b ||||| |||| 00| 0 eng d
040 _bger
_cDE-2950
_erda
_aDE-2950
041 _ager
100 _aEberhard Hans:
245 _aEr trifft und trifft und trifft.
_bBrandenburgliga: Erst vier, dann zwei, jetzt drei: Paul Bechmann hat in vier Spielen für den 1. FC Frankfurt neun Tore erzielt./
_cGehring Katja
264 _c2021
653 _aFrankfurt (Oder)
653 _aFußball
653 _aBrandenburgliga
773 _dFrankfurt (Oder): Märkisches Verlags- und Druckhaus GmbH & Co KG
_g32. Jahrgang (2021) Nr. 226 vom 28.09.2021, S. 21
_tMärkische Oderzeitung
942 _cA